Optimización del uso de transformadores de poste instalados en bóvedas

Uloženo v:
Podrobná bibliografie
Hlavní autor: Castillo Arias, Jaime Andrés
Médium: Kniha
Vydáno: San José, Costa Rica 1994
Témata:
Tagy: Přidat tag
Žádné tagy, Buďte první, kdo vytvoří štítek k tomuto záznamu!

MARC

LEADER 00000nam a2200000Ia 4500
003 007570
005 20221231144257.0
008 140114s1994 cr a m 000 ||s d
040 |c cru CEDI 
090 |a TFG 3220 
100 |a Castillo Arias, Jaime Andrés  |9 9800 
245 |a Optimización del uso de transformadores de poste instalados en bóvedas 
260 |c 1994  |a San José, Costa Rica 
300 |a  [83]hojas : lustraciones  
500 |a  Proyecto de Graduación (bachillerato en ingeniería eléctrica)-- Universidad de Costa Rica. Facultad de Ingeniería. Escuela de Ingenieria Eléctrica 
650 |x TRANSFORMADORES ELECTRICOS   |x DISTRIBUCION DE ENERGIA ELECTRICA  |9 10945 
942 |c TFG 
999 |c 19479  |d 19479